000 00443nam a2200181Ia 4500
001 7535
005 20260306160502.0
008 260306t1997||||xx |||||||||||||| ||spa||
041 _aESP
082 _a339.43
_bB23
100 _aBarreda Cruz, Jorge
_eAUT
245 0 _aAhorro privado y política económica en el Perú
260 _c1997
300 _a92 páginas :
_c20 cm.
650 _aGEN
654 _aCAN
942 _cLIB
_dJUS
_fJUS
_2ddc
_n
999 _c7535
_d7535